书目信息 |
| 题名: |
实用家庭养花经
|
|
| 作者: | 邬志星 著 | |
| 分册: | ||
| 出版信息: | 上海 上海远东出版社 2006.01 |
|
| 页数: | 244页 | |
| 开本: | 21cm | |
| 丛书名: | ||
| 单 册: | ||
| 中图分类: | S68 | |
| 科图分类: | ||
| 主题词: | 花卉--hua hui--观赏园艺 | |
| 电子资源: | ||
| ISBN: | 7-80706-162-6 | |
| 000 | 00712nam0 2200217 450 | |
| 001 | 012006730157 | |
| 005 | 20061205151600.43 | |
| 010 | @a7-80706-162-6@dCNY18.00 | |
| 100 | @a20061103d2006 km y0chiy0120 ea | |
| 101 | 0 | @achi |
| 102 | @aCN@b310000 | |
| 105 | @ay z 000yy | |
| 200 | 1 | @a实用家庭养花经@Ashi yong jia ting yang hua jing@f邬志星著@Fwu zhi xing zhu |
| 210 | @a上海@c上海远东出版社@d2006.01 | |
| 215 | @a244页@d21cm | |
| 330 | @a本书就种、养、赏、用的需求中介绍了近百种常见的及近些年引进的观花、观叶、观果、花木的栽培技巧、养殖方法、趣闻轶事。 | |
| 606 | 0 | @a花卉@Ahua hui@x观赏园艺 |
| 690 | @aS68@v4 | |
| 701 | 0 | @a邬志星@Awu zhi xing@4著 |
| 801 | 0 | @aCN@c20061205 |
| 905 | @a10447@dS68@eW726 | |
| 实用家庭养花经/邬志星著.-上海:上海远东出版社,2006.01 |
| 244页;21cm |
| ISBN 7-80706-162-6:CNY18.00 |
| 本书就种、养、赏、用的需求中介绍了近百种常见的及近些年引进的观花、观叶、观果、花木的栽培技巧、养殖方法、趣闻轶事。 |
| ● |
| 相关链接 |
|
|
|
正题名:实用家庭养花经
索取号:S68/W726
 
预约/预借
| 序号 | 登录号 | 条形码 | 馆藏地/架位号 | 状态 | 备注 |
| 1 | 225469 | 202254693 | 自科库401/401自科库 98排1列3层/ [索取号:S68/W726] | 在馆 | |
| 2 | 225470 | 202254700 | 自科库401/401自科库 98排1列3层/ [索取号:S68/W726] | 在馆 | |
| 3 | 225471 | 202254719 | 自科库401/401自科库 98排1列3层/ [索取号:S68/W726] | 在馆 |